The Civil Disobedience enquiry committee report 1922 / (Record no. 130702)

MARC details
000 -LEADER
fixed length control field 00663nam a22002057a 4500
005 - DATE AND TIME OF LATEST TRANSACTION
control field 20170124110115.0
010 ## - LIBRARY OF CONGRESS CONTROL NUMBER
LC control number A-258215
020 ## - INTERNATIONAL STANDARD BOOK NUMBER
Terms of availability 00.00
035 ## - SYSTEM CONTROL NUMBER
System control number A-258215
037 ## - SOURCE OF ACQUISITION
Source of stock number/acquisition Cen Lib/Ret
040 ## - CATALOGING SOURCE
Original cataloging agency DPL
Language of cataloging EN
082 ## - DEWEY DECIMAL CLASSIFICATION NUMBER
Classification number 954.081
Item number CIV
245 ## - TITLE STATEMENT
Title The Civil Disobedience enquiry committee report 1922 /
Statement of responsibility, etc edited by A.M.Zaidi
260 ## - PUBLICATION, DISTRIBUTION, ETC. (IMPRINT)
Name of publisher, distributor, etc Publication Department, Indian Institute of Applied Political Research
Date of publication, distribution, etc 1986
Place of publication, distribution, etc New Delhi
300 ## - PHYSICAL DESCRIPTION
Extent 234p.
Dimensions 22cm(Hb)
650 ## - SUBJECT ADDED ENTRY--TOPICAL TERM
Topical term or geographic name as entry element Politics and government -- 1919-1947
9 (RLIN) 29882
650 ## - SUBJECT ADDED ENTRY--TOPICAL TERM
Topical term or geographic name as entry element Civil disobedience
9 (RLIN) 29883
700 ## - ADDED ENTRY--PERSONAL NAME
Personal name A.M.Zaidi
9 (RLIN) 29884
942 ## - ADDED ENTRY ELEMENTS (KOHA)
Source of classification or shelving scheme Dewey Decimal Classification
Koha item type English Books
Classification part 954.081
Call number suffix CIV
Holdings
Withdrawn status Lost status Damaged status Not for loan Home library Current library Date acquired Source of acquisition Cost, normal purchase price Total Checkouts Full call number Barcode Date last seen Copy number Cost, replacement price Price effective from Koha item type Public note
Written off       Central Library Central Library 10/07/2015 Cen Lib/Ret 0.00   954.081 CIV A-258215 10/07/2015 1 0.00 10/07/2015 English Books Written off on approval by DLB (By Circulation); dtd 15-06-2023

© Delhi Public Library
Hit Counter
free hit counter